[Event "RE-2012-0-00094"]
[Site "LSS email"]
[Date "2012.04.04"]
[Round "?"]
[White "Gonzalez Casariego, Domingo"]
[Black "Couspeyre, Thierry"]
[Result "0-1"]
[WhiteElo "1087"]
[BlackElo "1157"]
[PlyCount "32"]
[EventDate "2012.02.19"]
[EventType "tourn (corr)"]
[EventRounds "6"]
[EventCountry "GER"]
[SourceTitle "Corr 2015"]
[Source "ChessBase"]
[SourceDate "2015.07.17"]
[SourceVersion "1"]
[SourceVersionDate "2015.07.17"]
[SourceQuality "1"]

1. e4 c5 2. c3 d5 3. exd5 Qxd5 4. d4 Nf6 5. Nf3 e6 6. Be2 Be7 7. 0-0 0-0 8. Ne5 Nc6 9. Bf3 Qd6 10. Nxc6 bxc6 11. dxc5 Qxd1 12. Rxd1 Nd5 13. c4 Nb4 14. a3 Nc2 15. Ra2 Bf6 16. Bxc6 Rb8 0-1

[Event "RE-2012-0-00094"]
[Site "LSS email"]
[Date "2012.04.04"]
[Round "?"]
[White "Stadler, Pavel"]
[Black "Gonzalez Casariego, Domingo"]
[Result "1-0"]
[WhiteElo "1213"]
[BlackElo "1087"]
[PlyCount "35"]
[EventDate "2012.02.19"]
[EventType "tourn (corr)"]
[EventRounds "6"]
[EventCountry "GER"]
[SourceTitle "Telechess CBM 153"]
[Source "ChessBase"]
[SourceDate "2013.03.14"]
[SourceVersion "1"]
[SourceVersionDate "2013.03.14"]
[SourceQuality "1"]

1. e4 e6 2. d4 d5 3. Nd2 Nf6 4. e5 Nfd7 5. Bd3 c5 6. c3 Nc6 7. Ne2 cxd4 8. cxd4 f6 9. exf6 Nxf6 10. Nf3 Bd6 11. 0-0 0-0 12. Bg5 Bd7 13. Nc3 Be8 14. Re1 Bh5 15. Rxe6 Bxf3 16. Qxf3 Nxd4 17. Qh3 Nxe6 18. Qxe6+ 1-0

[Event "SE-2012-0-00102"]
[Site "LSS email"]
[Date "2012.03.12"]
[Round "?"]
[White "Grimm, Wolfgang"]
[Black "Gonzalez Casariego, Domingo"]
[Result "1-0"]
[WhiteElo "1283"]
[BlackElo "1094"]
[PlyCount "27"]
[EventDate "2012.01.20"]
[EventType "tourn (corr)"]
[EventRounds "6"]
[EventCountry "GER"]
[SourceTitle "Corr 2015"]
[Source "ChessBase"]
[SourceDate "2015.07.17"]
[SourceVersion "1"]
[SourceVersionDate "2015.07.17"]
[SourceQuality "1"]

1. c4 Nf6 2. Nc3 e6 3. Nf3 d5 4. e3 c5 5. cxd5 exd5 6. Bb5+ Bd7 7. d4 Be7 8. Bxd7+ Qxd7 9. Ne5 Qc7 10. Qf3 cxd4 11. exd4 Nc6 12. Nxc6 bxc6 13. Bf4 Qb6 14. Be5 1-0

[Event "ZL-2012-0-01107"]
[Site "LSS email"]
[Date "2012.03.03"]
[Round "?"]
[White "Gonzalez Casariego, Domingo"]
[Black "Ustimenko, Aleksandr"]
[Result "1/2-1/2"]
[WhiteElo "1225"]
[BlackElo "1541"]
[PlyCount "151"]
[EventDate "2012.02.27"]
[EventType "match (corr)"]
[EventRounds "2"]
[EventCountry "GER"]
[SourceTitle "Telechess CBM 155"]
[Source "ChessBase"]
[SourceDate "2013.07.16"]
[SourceVersion "1"]
[SourceVersionDate "2013.07.16"]
[SourceQuality "1"]

1. e4 d5 2. exd5 Qxd5 3. Nc3 Qd6 4. d4 Nf6 5. Nf3 Nc6 6. Bb5 Bd7 7. d5 Nb4 8. 0-0 Rd8 9. Bc4 Bf5 10. Nb5 Qc5 11. Qd4 Qxd4 12. Nfxd4 Be4 13. f3 Bxd5 14. Nxc7+ Kd7 15. Nxd5 Nbxd5 16. Bg5 Kc8 17. Rad1 e6 18. Rfe1 h6 19. Bh4 a6 20. c3 Rd7 21. Rd3 Bc5 22. Bg3 b5 23. Bb3 Kb7 24. a4 Nb4 25. Rdd1 Nc6 26. axb5 axb5 27. Bf2 Bxd4 28. Bxd4 Nxd4 29. Rxd4 Rxd4 30. cxd4 Kb6 31. Kf2 Ka5 32. Rc1 Kb4 33. Bd1 Rd8 34. Ke3 Nd5+ 35. Ke4 f5+ 36. Ke5 Ne3 37. Be2 Rd5+ 38. Kxe6 Rxd4 39. Rc3 Nxg2 40. Kxf5 Rd2 41. Bd3 Rxb2 42. Rc7 Rd2 43. Rd7 Rd1 44. f4 Nh4+ 45. Ke6 Rg1 46. Rb7 Nf3 47. Kd5 Kc3 48. Bxb5 Nxh2 49. Rc7+ Kd2 50. Ke4 Re1+ 51. Kf5 Rg1 52. Ke4 Ng4 53. Rd7+ Ke1 54. Kf3 Nh2+ 55. Ke3 Rg3+ 56. Ke4 h5 57. Re7 Kf2 58. Ra7 Ng4 59. Ra2+ Kg1 60. Kf5 Ne3+ 61. Ke5 h4 62. f5 Ng2 63. Ra1+ Kh2 64. Bc6 Rc3 65. Bd5 h3 66. Ra7 Rg3 67. Be4 Rg5 68. Ra3 Rg4 69. Rb3 Rg3 70. Rb7 Rg5 71. Rb3 Rg4 72. Ra3 Rg3 73. Ra7 Rg5 74. Ra3 Rg4 75. Rb3 Rg5 76. Ra3 1/2-1/2

[Event "RE-2012-0-00092"]
[Site "LSS email"]
[Date "2012.03.03"]
[Round "?"]
[White "Slavin, Pablo"]
[Black "Gonzalez Casariego, Domingo"]
[Result "0-1"]
[WhiteElo "1190"]
[BlackElo "1225"]
[PlyCount "72"]
[EventDate "2012.01.27"]
[EventType "tourn (corr)"]
[EventRounds "6"]
[EventCountry "GER"]
[SourceTitle "Telechess CBM 155"]
[Source "ChessBase"]
[SourceDate "2013.07.16"]
[SourceVersion "1"]
[SourceVersionDate "2013.07.16"]
[SourceQuality "1"]

1. e4 e6 2. d3 d5 3. Nd2 Nf6 4. Ngf3 Nc6 5. g3 dxe4 6. dxe4 Bc5 7. Bg2 0-0 8. 0-0 e5 9. c3 a5 10. Qc2 Be6 11. a4 Rc8 12. Ng5 Bg4 13. h3 Be2 14. Re1 Bd3 15. Qd1 h6 16. Ngf3 Qd6 17. Nb3 Bxe4 18. Nxc5 Qxc5 19. Be3 Qe7 20. Qb3 Rfd8 21. Rad1 Rxd1 22. Rxd1 Rd8 23. Rxd8+ Qxd8 24. Nd2 Bxg2 25. Kxg2 b6 26. Qb5 Nd5 27. Nc4 Qd7 28. Bd2 f5 29. Ne3 Nde7 30. Nc4 Qd3 31. Qb3 Kh7 32. Bc1 Nd4 33. Qa3 Qf3+ 34. Kg1 Ne2+ 35. Kf1 Nxg3+ 36. Kg1 Qh1# 0-1

[Event "RE-2012-0-00092"]
[Site "LSS email"]
[Date "2012.03.02"]
[Round "?"]
[White "Gonzalez Casariego, Domingo"]
[Black "Vogel, Helmut"]
[Result "0-1"]
[WhiteElo "1225"]
[BlackElo "1230"]
[PlyCount "40"]
[EventDate "2012.01.27"]
[EventType "tourn (corr)"]
[EventRounds "6"]
[EventCountry "GER"]
[SourceTitle "Telechess CBM 155"]
[Source "ChessBase"]
[SourceDate "2013.07.16"]
[SourceVersion "1"]
[SourceVersionDate "2013.07.16"]
[SourceQuality "1"]

1. e4 c5 2. Nf3 e6 3. d4 cxd4 4. Nxd4 a6 5. Nc3 b5 6. Bd3 Bb7 7. 0-0 Qc7 8. Qe2 Nc6 9. Nxc6 dxc6 10. Be3 c5 11. Qf3 c4 12. Be2 Bd6 13. h3 Rd8 14. Qg4 Be5 15. Rad1 Rxd1 16. Nxd1 Nf6 17. Qxg7 Rg8 18. Qh6 Bxe4 19. f3 Rg6 20. fxe4 Rxh6 0-1

[Event "RE-2012-0-00091"]
[Site "LSS email"]
[Date "2012.02.28"]
[Round "?"]
[White "Perepechenko, Vladislav"]
[Black "Gonzalez Casariego, Domingo"]
[Result "1/2-1/2"]
[WhiteElo "1533"]
[BlackElo "1087"]
[PlyCount "48"]
[EventDate "2012.01.22"]
[EventType "tourn (corr)"]
[EventRounds "6"]
[EventCountry "GER"]
[SourceTitle "Telechess CBM 153"]
[Source "ChessBase"]
[SourceDate "2013.03.14"]
[SourceVersion "1"]
[SourceVersionDate "2013.03.14"]
[SourceQuality "1"]

1. d4 Nf6 2. c4 e6 3. Nf3 d5 4. e3 Be7 5. Nc3 0-0 6. Bd3 c5 7. 0-0 Nc6 8. a3 b6 9. cxd5 exd5 10. h3 Bb7 11. b3 Re8 12. Bb2 cxd4 13. exd4 Bd6 14. b4 a6 15. Re1 Qd7 16. Rxe8+ Rxe8 17. Na4 Qd8 18. Qc2 h6 19. Re1 Rxe1+ 20. Nxe1 Qe7 21. Nf3 Bc7 22. Bxa6 Nxb4 23. Qe2 Qxe2 24. Bxe2 Nc6 1/2-1/2

[Event "ZN-2012-0-01860"]
[Site "LSS email"]
[Date "2012.02.27"]
[Round "?"]
[White "Venturas, Bob"]
[Black "Gonzalez Casariego, Domingo"]
[Result "0-1"]
[WhiteElo "710"]
[BlackElo "1291"]
[PlyCount "22"]
[EventDate "2012.02.22"]
[EventType "match (corr)"]
[EventRounds "2"]
[EventCountry "GER"]
[SourceTitle "Corr 2015"]
[Source "ChessBase"]
[SourceDate "2015.07.17"]
[SourceVersion "1"]
[SourceVersionDate "2015.07.17"]
[SourceQuality "1"]

1. d4 Nf6 2. Nc3 d5 3. h3 e6 4. a3 c5 5. Bg5 cxd4 6. Qxd4 Nc6 7. Qd3 h6 8. Bh4 g5 9. Bg3 d4 10. Nb5 e5 11. e3 a6 0-1

[Event "OP-2012-0-02055"]
[Site "LSS email"]
[Date "2012.02.08"]
[Round "?"]
[White "Gonzalez Casariego, Domingo"]
[Black "Shim Ng Min, Francis"]
[Result "1-0"]
[WhiteElo "1087"]
[BlackElo "1140"]
[PlyCount "51"]
[EventDate "2012.02.05"]
[EventType "tourn (corr)"]
[EventRounds "4"]
[EventCountry "GER"]
[SourceTitle "Telechess CBM 153"]
[Source "ChessBase"]
[SourceDate "2013.03.14"]
[SourceVersion "1"]
[SourceVersionDate "2013.03.14"]
[SourceQuality "1"]

1. e4 c5 2. Nf3 e6 3. d4 cxd4 4. Nxd4 Nf6 5. Nc3 Nc6 6. Ndb5 Bb4 7. a3 Bxc3+ 8. Nxc3 0-0 9. Bg5 d5 10. Bd3 d4 11. Nb1 Qa5+ 12. Qd2 Qxd2+ 13. Nxd2 Nd7 14. Nb3 e5 15. 0-0 b6 16. f4 Bb7 17. fxe5 Ndxe5 18. Be2 f6 19. Bh4 Rfd8 20. Rad1 Ne7 21. Nxd4 Bxe4 22. c3 Nd5 23. Nf5 Bxf5 24. Rxf5 Ne3 25. Rxd8+ Rxd8 26. Rxe5 1-0

[Event "RN-2012-0-00448"]
[Site "LSS email"]
[Date "2012.02.08"]
[Round "?"]
[White "Gonzalez Casariego, Domingo"]
[Black "Yangibayev, Rustam"]
[Result "1-0"]
[WhiteElo "1087"]
[BlackElo "818"]
[PlyCount "53"]
[EventDate "2012.01.27"]
[EventType "tourn (corr)"]
[EventRounds "6"]
[EventCountry "GER"]
[SourceTitle "Telechess CBM 153"]
[Source "ChessBase"]
[SourceDate "2013.03.14"]
[SourceVersion "1"]
[SourceVersionDate "2013.03.14"]
[SourceQuality "1"]

1. e4 c6 2. d4 d5 3. e5 Bf5 4. Nf3 e6 5. a3 Nd7 6. Be2 h6 7. Nc3 c5 8. dxc5 Bxc5 9. b4 Bb6 10. Nb5 Bc7 11. Bb2 Ne7 12. c4 0-0 13. Nxc7 Qxc7 14. Rc1 dxc4 15. Rxc4 Qd8 16. g4 Bxg4 17. Rxg4 Ng6 18. Rd4 Qb6 19. Rd6 Qc7 20. Rxd7 Qb6 21. Qa4 Qc6 22. Qxc6 bxc6 23. Rg1 Nf4 24. Bc1 Nxe2 25. Kxe2 a5 26. Bxh6 Kh7 27. Bxg7 1-0

[Event "RN-2012-0-00448"]
[Site "LSS email"]
[Date "2012.02.08"]
[Round "?"]
[White "Jokmin, Alex"]
[Black "Gonzalez Casariego, Domingo"]
[Result "0-1"]
[WhiteElo "856"]
[BlackElo "1087"]
[PlyCount "40"]
[EventDate "2012.01.27"]
[EventType "tourn (corr)"]
[EventRounds "6"]
[EventCountry "GER"]
[SourceTitle "Telechess CBM 153"]
[Source "ChessBase"]
[SourceDate "2013.03.14"]
[SourceVersion "1"]
[SourceVersionDate "2013.03.14"]
[SourceQuality "1"]

1. d4 Nf6 2. c4 g6 3. Nf3 Bg7 4. Nc3 0-0 5. e4 d6 6. Be2 e5 7. d5 a5 8. 0-0 Na6 9. a3 Nc5 10. Qc2 a4 11. Be3 Nb3 12. Rab1 Bd7 13. Rfd1 Ng4 14. Na2 Nxe3 15. fxe3 Bh6 16. Kf2 f5 17. Bd3 g5 18. exf5 g4 19. Nd2 Qh4+ 20. Kf1 Bxe3 0-1

[Event "RN-2012-0-00448"]
[Site "LSS email"]
[Date "2012.02.08"]
[Round "?"]
[White "Vontina, Maria"]
[Black "Gonzalez Casariego, Domingo"]
[Result "0-1"]
[WhiteElo "711"]
[BlackElo "1087"]
[PlyCount "64"]
[EventDate "2012.01.27"]
[EventType "tourn (corr)"]
[EventRounds "6"]
[EventCountry "GER"]
[SourceTitle "Telechess CBM 153"]
[Source "ChessBase"]
[SourceDate "2013.03.14"]
[SourceVersion "1"]
[SourceVersionDate "2013.03.14"]
[SourceQuality "1"]

1. e4 c5 2. Nf3 d6 3. d4 cxd4 4. Nxd4 Nf6 5. Nc3 a6 6. Bg5 e6 7. Be2 Be7 8. 0-0 Qc7 9. f4 Nbd7 10. Qe1 Qb6 11. Qd2 e5 12. fxe5 dxe5 13. Be3 exd4 14. Bxd4 Bc5 15. Bxc5 Qxc5+ 16. Kh1 0-0 17. a3 Nb6 18. Rad1 Be6 19. Qf4 Nc4 20. Bxc4 Bxc4 21. Rfe1 Be6 22. Rd2 Rfd8 23. Red1 Rxd2 24. Rxd2 h6 25. h3 Nh5 26. Qf3 Qg5 27. Rd1 Rc8 28. Kh2 Qe5+ 29. Kh1 Ng3+ 30. Kg1 Rc4 31. Kf2 Nxe4+ 32. Nxe4 Rxe4 0-1